Konflikt záujmov na úrovni štátnej správy
Guardado en:
| Autor principal: | |
|---|---|
| Otros Autores: | , |
| Formato: | Libro |
| Lenguaje: | eslovaco |
| Publicado: |
Bratislava
Róbert Vico - vydavateľstvo
2001
|
| Colección: | Protikorupčné nástroje
|
| Materias: | |
| Etiquetas: |
Sin Etiquetas, Sea el primero en etiquetar este registro!
|
MARC
| LEADER | 00000nam a2200000 4500 | ||
|---|---|---|---|
| 001 | c138269 | ||
| 005 | 20221124104622.8 | ||
| 020 | |a 80-89041-14-0 | ||
| 041 | 0 | |a slo | |
| 044 | |a SK | ||
| 245 | 1 | 0 | |a Konflikt záujmov na úrovni štátnej správy |c Juraj Nemec, Vladimír Pirošík, Ľubica Slimáková |
| 264 | 1 | |a Bratislava |b Róbert Vico - vydavateľstvo |c 2001 | |
| 300 | |a 32 s. | ||
| 490 | 1 | |a Protikorupčné nástroje | |
| 830 | 0 | |a Protikorupčné nástroje | |
| 610 | 2 | 0 | |a správa štátna |
| 610 | 2 | 0 | |a Slovensko |
| 610 | 2 | 0 | |a zamestnanci štátni |
| 610 | 2 | 0 | |a legislatíva |
| 610 | 2 | 0 | |a zákony |
| 610 | 2 | 0 | |a zákonník práce |
| 610 | 2 | 0 | |a korupcia |
| 610 | 2 | 0 | |a porovnanie medzinárodné |
| 610 | 2 | 0 | |a etika |
| 610 | 2 | 0 | |a opatrenia |
| 610 | 2 | 0 | |a služba štátna |
| 610 | 2 | 0 | |a služba verejná |
| 610 | 2 | 0 | |a kontrola |
| 610 | 2 | 0 | |a kontrola finančná |
| 610 | 2 | 0 | |a obstarávanie verejné |
| 610 | 2 | 0 | |a kódexy etické |
| 610 | 2 | 0 | |a správa verejná |
| 610 | 2 | 0 | |a konflikt záujmov |
| 100 | 1 | |a Nemec, Juraj | |
| 700 | 1 | |a Pirošík, Vladimír | |
| 700 | 1 | |a Slimáková, Ľubica | |